Druhý ročník ifaba v Praze

Zmysel a motto medzinárodného veľtrhu kancelárskej a výpočtovej techniky ifabo v Prahe. Rozbor jednotlivých vystavovaných prvkov z hladiska použitia pre kancelárske účely.

Gespeichert in:
Bibliographische Detailangaben
Format: Buchkapitel
Sprache:Tschechisch
Schlagworte:
Tags: Tag hinzufügen
Keine Tags, Fügen Sie das erste Tag hinzu!

MARC

LEADER 00000naa a2200000 4500
001 r023849
005 20221213083142.3
041 0 |a cze 
044 |a CZ 
245 1 0 |a Druhý ročník ifaba v Praze 
520 |a Zmysel a motto medzinárodného veľtrhu kancelárskej a výpočtovej techniky ifabo v Prahe. Rozbor jednotlivých vystavovaných prvkov z hladiska použitia pre kancelárske účely. 
610 2 0 |a technika kancelárska 
610 2 0 |a veľtrhy 
610 2 0 |a Praha 
610 2 0 |a Ifabo 
610 2 0 |a technika výpočtová